| 000 | 00404nam a22001457a 4500 | ||
|---|---|---|---|
| 082 |
_a531 _bABB _cB-1-13-01-A |
||
| 100 |
_aB.A, P. Abbott _939813 |
||
| 245 |
_aMechanics _cP. Abbott, B.A |
||
| 260 |
_aLondon _bThe English Universities Press Ltd _c1941 |
||
| 300 | _axii, 271p: | ||
| 526 |
_a0 _b0 _c0 _d531_000000000000000_ABB |
||
| 650 |
_aMCE _9379 |
||
| 700 |
_aP. Abbott, B.A. _939356 |
||
| 942 |
_2ddc _cBK |
||
| 999 |
_c544239 _d544239 |
||